| 000 | 00411nam a2200109Ia 4500 | ||
|---|---|---|---|
| 008 | 220216s9999 xx 000 0 und d | ||
| 100 | _aPunnoose K I | ||
| 245 | 0 | _aResponse of rubber (Hevea brasiliensis) Muell Arg to applied potassium in India | |
| 260 |
_bPotassium for plantation crops: Proceedings of symposium, 1990, Potash Research Institute of India, pp. 148-156 _c1990 |
||
| 700 | _aMathew M | ||
| 942 | _cJS | ||
| 999 |
_c66857 _d66857 |
||